| 000 | 01640cam a2200445 4500 | ||
|---|---|---|---|
| 999 |
_c24103 _d24103 |
||
| 001 | vtls012086268 | ||
| 005 | 20251219142255.0 | ||
| 008 | 220204s2022 xo o grn 010 f slo | ||
| 020 |
_a9788055180045 _q(viazané) |
||
| 040 |
_aTTKJF _bslo _cTTKJF _dSNK _erda |
||
| 041 | 1 |
_aslo _heng |
|
| 044 |
_axo _cSK |
||
| 072 | 7 |
_a821.111(73)-3 _xAmerická próza _2konspekt |
|
| 080 |
_a821.111(73)-31 _22011 |
||
| 080 |
_a(0:82-312.6) _22011 |
||
| 080 |
_a(0:82-311.6) _22011 |
||
| 100 | 1 |
_aWallace, Chris, _d1947- _4aut _95373 |
|
| 240 | 1 | 0 |
_aCountdown 1945 _lSlovensky |
| 245 | 1 | 0 |
_aOdpočítavanie 1945 _cChris Wallace a Mitch Weiss ; preložil Martin Štulrajter |
| 264 | 1 |
_aBratislava _bIkar _c2022 |
|
| 300 |
_a328 strán _bfotografie _c24 cm |
||
| 336 |
_atext _btxt _2rdacontent |
||
| 337 |
_abez média _bn _2rdamedia |
||
| 338 |
_azväzok _bnc _2rdacarrier |
||
| 500 | _aPreložené z angličtiny | ||
| 500 | _aObsahuje stručné biografické údaje o autoroch na zadnej strane obálky | ||
| 500 | _aObsahuje poznámky na strane 287-299 | ||
| 650 | 0 | 7 |
_azhodenie atómovej bomby na Hirošimu a Nagasaki (1945 : Japonsko) _2SNKPH _95374 |
| 650 | 0 | 7 |
_aatomic bombing of Hiroshima and Nagasaki (1945 : Japan) _2SNKPHeng _95375 |
| 655 | 7 |
_aamerické romány _2SNKPH _92 |
|
| 655 | 7 |
_abiografické romány _2SNKPH _92126 |
|
| 655 | 7 |
_avojnové romány _2SNKPH _93067 |
|
| 655 | 7 |
_aAmerican novels _2SNKPHeng _91670 |
|
| 655 | 7 |
_aBiographical novels _2SNKPHeng _92127 |
|
| 655 | 7 |
_aWar novels _2SNKPHeng _93068 |
|
| 700 | 1 |
_aWeiss, Mitch, _d1957- _4aut _95376 |
|
| 700 | 1 |
_aŠtulrajter, Martin _4trl _93057 |
|
| 958 | _aLX | ||
| 958 | _aUP | ||